000 00435nam a2200181Ia 4500
001 24717
005 20260414151102.0
008 260414t2012||||xx |||||||||||||| ||spa||
041 _aESP
082 _a345.726
_bP72
100 _aPoder Judicial del Perú
_eAUT
245 0 _aSegundo pleno casatorio civil
_b
260 _c2012
300 _a311 páginas :
_c24 cm.
650 _aDER
654 _aCDE
942 _cLIB
_dJUS
_fJUS
_2ddc
_n
999 _c24717
_d24717